000 00286nam a22001337a 4500
008 230324b ||||| |||| 00| 0 eng d
041 _aeng
080 _a7
082 _a7WEB
100 _a20
101 _aART
245 _aGREEK THEATRE PRODUCTION
_cWEBSTER.L.B.T
942 _2udc
_cBK
999 _c59430
_d59430